Groupes de Type Multiplicatif, et Structure des Schémas en Groupes Généraux
Wedi'i Gadw mewn:
| Fformat: | Sách giấy |
|---|---|
| Iaith: | English |
| Cyhoeddwyd: |
Berlin :
Springer-Verlag ,
1970
|
| Tagiau: |
Ychwanegu Tag
Dim Tagiau, Byddwch y cyntaf i dagio'r cofnod hwn!
|
| Thư viện lưu trữ: | Thư viện Trường Đại học Đà Lạt |
|---|
| LEADER | 00559nam a2200229 4500 | ||
|---|---|---|---|
| 001 | DLU020011168 | ||
| 005 | ##12/24/1999 | ||
| 041 | # | # | |a eng |
| 082 | # | # | |a 512.2 |b Gro |
| 090 | # | # | |a 512.2 |b Gro |
| 245 | # | # | |a Groupes de Type Multiplicatif, et Structure des Schémas en Groupes Généraux |
| 260 | # | # | |a Berlin : |b Springer-Verlag , |c 1970 |
| 300 | # | # | |a IX, 652 tr.; |c 26 cm. |
| 992 | # | # | |a 19000 |
| 994 | # | # | |a DLU |
| 900 | # | # | |a False |
| 911 | # | # | |a Administrator |
| 925 | # | # | |a G |
| 926 | # | # | |a A |
| 927 | # | # | |a SH |
| 980 | # | # | |a Thư viện Trường Đại học Đà Lạt |